Statická kompenzácia účinníka pre vybraných odberateľov

Enregistré dans:
Détails bibliographiques
Auteur principal: Princ, Vladimír (Auteur)
Autres auteurs: Janiga, Peter (Directeur de thèse)
Format: Manuscrit Livre
Langue:slovaque
Publié: 2019
Sujets:
Accès en ligne:http://is.stuba.sk/zp/portal_zp.pl?podrobnosti=131145
Tags: Ajouter un tag
Pas de tags, Soyez le premier à ajouter un tag!

MARC

LEADER 00000ntm a22000003a 4500
001 stuzp68251
003 SK-STU
005 20190723095924.5
007 ta
008 150427s2015----xo-----f-mn---000-0-slo-d
040 |a STU  |b slo 
041 0 |a slo 
044 |a xo 
100 1 |a Princ, Vladimír  |u 032000  |4 aut  |U FEI Fakulta elektrotechniky a informatiky  |T FEI Ústav elektroenergetiky a aplikovanej elektrotechniky  |X 80677  |U E020  |Y 548  |7 80677 
242 0 1 |a Static power factor correction for selected Consumers  |y eng 
245 1 0 |a Statická kompenzácia účinníka pre vybraných odberateľov 
260 |c 2019 
300 |a 76 s. 
650 4 |a účinník  |2 slo 
650 4 |a kompenzácia účinníka  |2 slo 
650 4 |a jalový výkon  |2 slo 
650 4 |a činný výkon  |2 slo 
650 4 |a kompenzačné zariadenie  |2 slo 
650 4 |a power factor correction  |2 eng 
650 4 |a reactive power  |2 eng 
650 4 |a active power  |2 eng 
650 4 |a power factor  |2 eng 
650 4 |a compensation device  |2 eng 
700 1 |a Janiga, Peter  |u 032000  |k Z1  |4 ths  |U FEI Fakulta elektrotechniky a informatiky  |T FEI Ústav elektroenergetiky a aplikovanej elektrotechniky  |X 24468  |U E020  |Y 548  |7 A000024468 
856 4 |u http://is.stuba.sk/zp/portal_zp.pl?podrobnosti=131145 
996 |b 284ER02942  |c E*Bc- 2942  |l EE32  |s P  |a 0  |w stuzp68251_0001